| 000 | 00540cam a2200193 4500 | ||
|---|---|---|---|
| 001 | D15208 | ||
| 008 | 090401t1963 xxu||||| |||| 00| 0 eng d | ||
| 035 | _a(Sirsi) u21087 | ||
| 041 | _aeng | ||
| 110 |
_aRoyal Institution of Chartered Surveyors _94900 |
||
| 245 | _aCode for the measurement of building works in small dwellings | ||
| 260 |
_bRICS _c1963 |
||
| 300 | _a18p | ||
| 350 | _a0 | ||
| 520 | _aFiled in box 1963/16 AB | ||
| 710 |
_aNational Federation of Building Trades Employers _91526 |
||
| 942 | _n0 | ||
| 948 | _c04/03/1997 | ||
| 999 |
_c87918 _d87918 |
||